000 00328nam a22001337a 4500
020 _a978-81-7876-108-4
041 _aENG
100 _aNaikawade.A.B
245 _aBhagyavidhata Yashwantrao Chavan Gauravgrantha
260 _aLatur
_bVidyabhartee Prakashan
_c2012
300 _a260
650 _aMarathi
856 _uMarathi ( 33 )
999 _c2249
_d2249